<?xml version="1.0" encoding="UTF-8" ?>
<collection xmlns="http://www.loc.gov/MARC21/slim"><record><leader>01029nab a2200253 nc4500</leader><controlfield tag="001">24694</controlfield><controlfield tag="003">Zü176</controlfield><controlfield tag="005">20170118172047.0</controlfield><datafield tag="035" ind1=" " ind2=" "><subfield code="a">(OCoLC)1005895815</subfield></datafield><datafield tag="041" ind1=" " ind2=" "><subfield code="a">ger</subfield></datafield><datafield tag="245" ind1="0" ind2="4"><subfield code="a">Der Sturm</subfield><subfield code="b">Monatsschrift</subfield><subfield code="c">Herausgeber: Herwarth Walden</subfield><subfield code="h">Zeitschrift</subfield><subfield code="n">Jg.13(1922),4</subfield></datafield><datafield tag="260" ind1=" " ind2=" "><subfield code="a">Berlin</subfield><subfield code="b">Verlag Der Sturm</subfield><subfield code="c">1922</subfield></datafield><datafield tag="300" ind1=" " ind2=" "><subfield code="a">S. 49 - 64</subfield><subfield code="b">Ill.</subfield><subfield code="c">30,1 x 22,6 cm</subfield></datafield><datafield tag="500" ind1=" " ind2=" "><subfield code="a">Illustrationen von Michael Larionoff, Natalja Gontscharowa, Oscar Nerlinger; Texte von Herwarth Walden, F. T. Marinetti, Claire Goll u. a.</subfield></datafield><datafield tag="510" ind1="4" ind2="0"><subfield code="a">Dada global, 1994</subfield><subfield code="c">S. 154, Nr. 48</subfield></datafield><datafield tag="600" ind1="1" ind2="4"><subfield code="a">Walden, Herwarth</subfield><subfield code="d">1878 - 1941</subfield></datafield><datafield tag="600" ind1="1" ind2="4"><subfield code="a">Larionoff, Michael</subfield><subfield code="d">1.1.1889 - 31.5.1978</subfield></datafield><datafield tag="600" ind1="1" ind2="4"><subfield code="a">Goncarova, Natal&apos;ja S.</subfield><subfield code="d">1881 - 1962</subfield></datafield><datafield tag="600" ind1="1" ind2="4"><subfield code="a">Nerlinger, Oscar</subfield></datafield><datafield tag="651" ind1="0" ind2="7"><subfield code="a">Zürich</subfield><subfield code="x">Kunsthaus Zürich</subfield><subfield code="x">Dadaismus</subfield><subfield code="x">Sammlung</subfield><subfield code="2">gnd</subfield></datafield><datafield tag="710" ind1="2" ind2="0"><subfield code="a">Kunsthaus Zürich</subfield></datafield><datafield tag="773" ind1=" " ind2=" "><subfield code="t">Der Sturm</subfield><subfield code="w">(CH-000273-5)12597</subfield></datafield><datafield tag="852" ind1="4" ind2="0"><subfield code="a">CH-000273-5</subfield><subfield code="c">DADA III:9:4</subfield></datafield><datafield tag="856" ind1="4" ind2="1"><subfield code="u">https://digital.kunsthaus.ch/viewer/image/24694/1/</subfield><subfield code="y">Kunsthaus Zürich Sammlungen online</subfield></datafield></record></collection>